000 00300nam a22001337a 4500
003 SGT
082 _a615.532
_bD16G
100 _aGOEL,SUMIT
245 _aDECODING THE DOSE:EVOLUTION OF THE CONCEPTS
260 _aINDIA
_bB.JAIN PUB
_c2016
300 _a255
650 _aHOMEOPATHIC
942 _2ddc
_cBK
999 _c20424
_d20424